Europe Geography Quiz #2 - Statistics

General Stats
  • This quiz has been taken 72,198 times
  • The average score is 13 of 20
Answer Stats
Question Answer % Correct
Other than the Vatican, what country is entirely surrounded by Italy? San Marino
93%
What's the most populous city in Europe that starts with the letter M? Moscow
81%
What is the largest city that has territory in both Europe and Asia? Istanbul
80%
What country is found on Bulgaria's northern border? Romania
80%
What sea contains the gulfs of Finland and Bothnia? Baltic Sea
75%
What are the two major European cities that start with the letters Bel? Belgrade
75%
Which British territory borders Spain? Gibraltar
75%
Which European capital city is also a common female first name? Sofia
74%
What is the nearest major city to the tourist attraction of Pompeii? Naples
67%
What country is part of the E.U. but lies geographically closer to Asia and Africa than it does to Europe? Cyprus
66%
What Dutch city is home to Europe's busiest port? Rotterdam
66%
On what river's "left bank" would you find the district of Saint-Germain-des-Prés? Seine
65%
What island is located due north of Sardinia? Corsica
62%
What is the tallest mountain in Greece? Mount Olympus
60%
What capital city lies just 55 km west of Bratislava? Vienna
60%
Into what sea does the Volga River flow? Caspian Sea
56%
What bay lies between France and Spain? Bay of {Biscay}
55%
On what island is the city of Palma located? Mallorca
54%
It's the second biggest city in Northern Ireland. Some people call it Derry. What do others call it? Londonderry
52%
What are the two major European cities that start with the letters Bel? Belfast
50%
No matching quizzes found
Score Distribution
Percent of People with Each Score
Percentile by Number Answered
Your Score History
You have not taken this quiz